01037cam a2200277 4500001001300000003000400013005001700017008004100034010001700075025002000092040001800112050001400130082000800144245018100152260003500333300003100368350001000399500010600409504004600515504004100561600003500602700003500637700001900672700005100691999001700742sa 68015844 DLC20260227112647.0700624s1968 ii c b 011 0 eng  asa 68015844  aPL480:I-E-11098 aDLCcDLCdDLC00aAC5b.W6300a10900aWorld perspectives in philosophy, religion, and culture;bessays presented to Professor Dhirendra Mohan Datta.cEditor: Ram Jee Singh. Editorial board: A. C. Ewing [and others. aPatna]bBharati Bhawanc[1968] axxx, 480 p.bport.c26 cm. a50.00 a"Brought out by the Bihar Darshan Parishad in commemoration of the 70th birthday of Dr. D. M. Datta." aList of D. M. Datta's works: p. xx-xxiii. aIncludes bibliographical references.10aDatta, Dhirendra Mohan,d1898-1 aDatta, Dhirendra Mohan,d1898-1 aSingh, Ramjee.1 aEwing, A. C.q(Alfred Cyril),d1899-1973,eed. c86721d86721